00658nam a22002052 4500001001100000005001700011008004100028020001700069040001500086100003100101245008300132250001300215260003300228300001700261650004700278650006000325700003200385700003200417852000300449000002495820151217152307.0140402s xx 000 0 eng d a1907816352 : aKABUcKABU1 aBrugha, Rossa.@000018530210aPaediatric clinical examination /cRossa Brugha, Matko Marlais, Ed Abrahamson. a1st ed. aLondon :bJP Medical,c2013. axii, 271 p. 0aChildrenxMedical examination.@0000185303 0aChildrenxPhysical examination & diagnosis.@00001853041 aMarlais, Matko.@00001853051 aAbrahamson, Ed.@00001853061